| 000 | 00000nam##2200000za#4500 |
| 001 | 9.645522 |
| 003 | CaOODSP |
| 005 | 20200401081122 |
| 007 | ta |
| 008 | 150407|1994||||xxc||||| f|0| 0 eng|d |
| 020 | |a0-660-15428-5|z0-660-59203-7 |
| 040 | |aCaOODSP|beng |
| 043 | |an-cn--- |
| 086 | 1 |aSN3-61/1994E |
| 110 | 1 |aCanada.|bNational Library of Canada. |
| 245 | 10|aClass FC: a classification for Canadian history |
| 250 | |aSecond edition |
| 260 | |aOttawa - Ontario : |bNational Library of Canada |c1994. |
| 300 | |axii, 129p. ; |c26 cm. |
| 500 | |a"The second edition... is a revision and expansion of the first edition of the schedule which appeared in 1976. This schedule has replaced many LC-like classification schemes used by Canadian libraries to classify Canadian history."--Preface to the second edition. |
| 520 | 3 |aPresents the National Library's standardized classification schedule for Canadian history. This classification system is compatible with the Library of Congress classification system, and is a useful research tool for anyone interested in Canadian history. |
| 563 | |aSoftcover |
| 590 | |a94-16|b1994-04-22 |
| 690 | 07|aDocument classification|2gcpds |
| 690 | 07|aCanadian history|2gcpds |
| 775 | 08|tClasse FC: cadre de classification de l'histoire du Canada |w(CaOODSP)9.679203 |
| 776 | 0#|tClass FC : a classification for Canadian history |w(CaOODSP)9.688260 |